000
00317nam a2200133Ia 4500
005
20251222140111.0
008
251222s1900||||xx |||||||||||||| ||spa||
020
_a
84-254-1578-0
082
_a
121/K38/Ej.2
100
_a
Keller, Albert
245
0
_a
TeorĂa General del Conocimiento
264
_b
Herder
942
_c
LIB
999
_c
4291
_d
4291